000 00671nam a2200241 i 4500
001 C2-0286649
003 PPAK
005 20180728020047.0
008 080124s2004 nyua|||| ||||| | eng d
020 _a0399152164
040 _aPPAK
_beng
_cPPAK
_erda
082 0 4 _a610.92
_223
090 0 0 _a610.92
_bKLU
_dRLCK
100 1 _aKluger, Jeffry,
_eauthor
245 1 0 _aSolendid solution
264 1 _aNew York :
_bG. P. Putnam's Sons ,
_c2004
300 _a373 pages :
_billustrations ;
_c24 cm
336 _2rdacontent
_atext
337 _2rdamedia
_aunmediated
338 _2rdacarrier
_avolume
650 1 0 _aVirologists - United State - Biography
942 _ddc
_cB
999 _c92378
_d92378